000 00401pab a2200145 454500
008 180718b2005 xxu||||| |||| 00| 0 eng d
100 _aShyam Sundar, K.R.
245 _aLabour flexibility debate in India: a comprehensive review and some suggestions
260 _c2005
300 _ap.2274-285.
362 _a28 May
650 _aLabour
773 _aEconomic and Political Weekly
909 _a65516
999 _c65516
_d65516